00209nam a2200085Ia 4500008004100000100002200041245003100063260000900094650002000103190216s9999||||xx |||||||||||||| ||und|| aSathya Nathaier R 0aKala Shashthreeya Yugathil bNull aEssay Malayalam